Nejvyšší hora každého státu Evropy - Statistics

General Stats
  • This quiz has been taken 26 times
  • The average score is 10 of 45
Answer Stats
Stát Výška Hora % Correct
Česko 1603 m Sněžka
100%
Slovensko 2655 m Gerlachovský štít
91%
Francie 4808 m Mont Blanc
91%
Itálie 4808 m Mont Blanc
91%
Polsko 2499 m Rysy
64%
Rakousko 3798 m Großglockner
55%
Řecko 2917 m Mytikas
55%
Slovinsko 2864 m Triglav
50%
Německo 2962 m Zugspitze
50%
Spojené království 1344 m Ben Nevis
41%
Ukrajina 2061 m Hoverla
36%
Maďarsko 1014 m Kékes
32%
Bulharsko 2925 m Musala
27%
Finsko 1324 m Halti
23%
Švýcarsko 4634 m Dufourspitze
18%
Rumunsko 2544 m Moldoveanu
18%
Španělsko 3479 m Mulhacén
14%
Chorvatsko 1831 m Sinjal
14%
Albánie 2764 m Velký Korab
14%
Lichtenštejnsko 2599 m Grauspitz
9%
Švédsko 2097 m Kebnekaise
9%
Vatikán 75 m Vatikánské zahrady
9%
Severní Makedonie 2764 m Velký Korab
9%
Černá Hora 2534 m Zla Kolata
9%
Bosna a Hercegovina 2386 m Bosanski Maglić
5%
Andorra 2942 m Coma Pedrosa
5%
Dánsko 171 m Møllehøj
5%
San Marino 756 m Monte Titano
5%
Rusko 1895 m Narodnaja
5%
Belgie 694 m Signal de Botrange
5%
Litva 294 m Aukštojas
0%
Irsko 1041 m Carrauntoohil
0%
Monako 161 m Chemin des Révoires
0%
Moldavsko 430 m Dealul Bălănești
0%
Bělorusko 345 m Dzjaržynskaja hara
0%
Lotyšsko 312 m Gaiziņkalns
0%
Norsko 2469 m Galdhøpiggen
0%
Island 2110 m Hvannadalshnjúkur
0%
Lucembursko 560 m Kneiff
0%
Turecko 1031 m Mahya Dağı
0%
Srbsko 2169 m Midžur
0%
Estonsko 318 m Suur Munamägi
0%
Malta 253 m Ta' Dmejrek
0%
Portugalsko 1993 m Torre
0%
Nizozemsko 322 m Vaalserberg
0%
No matching quizzes found
Score Distribution
Percent of People with Each Score
Percentile by Number Answered
Your Score History
You have not taken this quiz